| 000 | 00934nac a22002651u 4500 | ||
|---|---|---|---|
| 003 | EG-ScBUE | ||
| 005 | 20220414112040.0 | ||
| 008 | 200219s1994 ii f 000 0 eng d | ||
| 040 |
_aEG-ScBUE _beng _erda _cEG-ScBUE _dEG-ScBUE |
||
| 082 | 0 | 4 |
_a823.5 _bFIE _222 |
| 100 | 1 |
_aFielding, Henry, _d1707-1754, _eauthor. |
|
| 245 | 1 | 0 |
_aTom Jones : _ba critical study / _cHenry Fielding ; Rajinder Paul, M.A., Department of English, Hans Raj College, University of Delhi. |
| 250 | _aEleventh edition. | ||
| 264 | 1 |
_aNew Delhi : _bRama Brothers, _c1994. |
|
| 300 |
_a192 pages ; _c21 cm |
||
| 336 |
_2rdacontent _atext _btxt |
||
| 337 |
_2rdamedia _aunmediated _bn |
||
| 338 |
_2rdacarrier _avolume _bnc |
||
| 650 | 7 |
_aEnglish literature _xHistory and criticism. _2BUEsh |
|
| 651 | _2BUEsh | ||
| 653 |
_bHHUUEENN _cApril2022 |
||
| 655 |
_vReading book _934232 |
||
| 700 | 1 |
_aPaul, Rajinder, _eeditor. |
|
| 942 |
_cBB _k823.5 FIE _2ddc |
||
| 999 |
_c9804 _d9804 |
||